| 000 | 00729nam a2200241Ia 4500 | ||
|---|---|---|---|
| 003 | OSt | ||
| 005 | 20221005125953.0 | ||
| 006 | a|||||r|||| 00| 0 | ||
| 007 | ta | ||
| 008 | 221004b |||||||| |||| 00| 0 eng d | ||
| 024 | _a53676 | ||
| 037 | _cTextual | ||
| 040 |
_aCRL _cCRL _beng |
||
| 041 |
_2eng _aeng |
||
| 082 | _aT4:3:(S).2, K8 | ||
| 110 |
_aUniversity Grants commission(New Delhi) (1968) (chairman: D S Kothari) . _9637400 |
||
| 245 | 0 |
_aPsychology in Indian universities _b Report |
|
| 260 | _c1968 | ||
| 650 | _aHIGHER EDUCATION | ||
| 700 |
_aUniversity Grants commission(New Delhi) (1968) (chairman: D S Kothari) . _9637401 |
||
| 942 |
_hT4:3:(S).2, K8 _cTEXL _2cc |
||
| 999 |
_c1055658 _d1055658 |
||